| 000 | 00584nam a2200193 a 4500 | ||
|---|---|---|---|
| 005 | 20240223063627.0 | ||
| 008 | 991125s1987 mx 000 0 spa u | ||
| 020 | _a968822068X | ||
| 035 | _aUPN01000040773 | ||
| 049 | _aSEP | ||
| 050 | 4 |
_aF1221 N3 _bCH3.68 |
|
| 100 | 1 |
_aChamoux, M _darie-Nolle |
|
| 245 | 1 | 0 |
_aNahuas de Huachinango : _btransformaciones sociales en una comunidad campesina / _cMarie-No Chamoux ; tr. Luz María Santamaría |
| 260 |
_aMéxico : _bCEMCA$bINI, _c1987 |
||
| 300 |
_a388 p. : _bil. |
||
| 650 | 2 |
_aNahuas _918092 |
|
| 904 |
_aAC _b040775 |
||
| 905 | _aLibro | ||
| 999 |
_c40773 _d40773 |
||